000 00373pam a2200133 a 4500
020 _c
041 _h
100 _aPawar, S M.
245 _aDevelopment and validation of analytical methods for CNS and CVS drugs including stability studies
_hTheses
260 _aPune
_bBharati Vidyapeeth University
_c2013
300 _a234.
700 _aDhaneshwar, S R.
930 _a1189
999 _c74486
_d74486